| 000 | 01265nam a2200301Ia 4500 | ||
|---|---|---|---|
| 001 | 48618 | ||
| 003 | IT-RoPAU | ||
| 008 | 130308s9999 xx 000 0 und d | ||
| 040 | _aIT-RoPAU | ||
| 040 | _cIT-RoPAU | ||
| 041 | _aITALIANO | ||
| 100 | _aVezzani Lorenzo | ||
| 100 | _gCodice Aut. SPICS: 1405 | ||
| 245 | _a"Note di Cabiria (Le)-Analisi della colonna sonora del film ""Le notti di Cabiria""" | ||
| 245 | _b"Note di Cabiria (Le)-Analisi della colonna sonora del Film ""Le Notti di Cabiria""" | ||
| 250 | _a1a ed. | ||
| 260 | _aROMA | ||
| 260 | _bSpics Records | ||
| 260 | _c1987 [1° Ed.:1987 - Ed.Ling.Originale:1987] | ||
| 300 | _a"16 p. (prefazione: no ; testo: 16)" | ||
| 500 | _aAnalisi colonna sonora del Film le Notti di Cabiria di Fellini Funzioni della Musica nel Film nino Rota Fellini Bibliografia Spartito dei Brani dell'Opera citazioni di musiche Preesistenti sinfonia N 5 di Beethoven la Vedova Allegra di Lehar in un mercato Persiano marcia dei Gladiatori Mira Il tuo Popolo Canto del Pellegrino è L'Ora che Pia Inni e Canti Llà Ri' Lli Rà di Bonagura/Rota Il Metodo dei Livelli | ||
| 650 | _aSAGGI MUSICALI | ||
| 650 | _eCodice materia Spics: 7011 | ||
| 942 | _cBK | ||
| 957 | _71 | ||
| 999 |
_c74504 _d74504 |
||
| 999 | _bSI | ||
| 999 | _g1 | ||